00343nam a2200121Ia 4500008004100000041000800041082001600049100002800065245004500093260004900138300002900187365000500216240624s9999 xx 000 0 und d aeng a658.405 HAR aHARVARD BUSINESS REVIEW aHARVARD BUSINESS REVIEW ON NEGOTIATION A c2000aBostonbHarvard Businesss School Press av, : 228 : p. : cm. ; 20 c